000 00814nam a2200253Ia 4500
003 OSt
005 20220926011952.0
006 a|||||r|||| 00| 0
007 ta
008 220923b |||||||| |||| 00| 0 eng d
037 _cGeneral Book
040 _aRTL
_cRTL
_beng
041 _2eng
_aeng
082 _aX:82, K5
100 _aMarting Elizabeth Ed.
245 0 _aManagement and its people
_b Evolution of a relatio
260 _aNew York
_bAmrican Management Association USA
_c1965
490 _aAmrican Management Association, publication
500 _aReprinted : Bombay, Taraporevala, 1971
650 _aManagement
_930681
700 _a Nacdibakd Dorothy Ed.
_9315331
942 _hX:82, K5
_cGB
_2CC
999 _c621412
_d621412